[Event "RUS-ch Girls U21 2021"]
[Site "Loo"]
[Date "2021.04.24"]
[Round "4.9"]
[White "Bogdanova, Darya"]
[Black "Badmaeva, Baina"]
[Result "1/2-1/2"]
[WhiteElo "1762"]
[BlackElo "1751"]
[Annotator "NA"]
[PlyCount "95"]
[EventDate "2021.04.21"]
[EventType "swiss"]
[EventCountry "RUS"]
[SourceTitle "playchess.com"]
[Source "ChessBase"]
[SourceQuality "1"]
[TimeControl "40/5400+30:1800+30"]

1. d4 {[%emt 0:00:00]} Nf6 {[%emt 0:00:00]} 2. c4 {[%emt 0:00:00]} d6 {[%emt 0:00:00]} 3. g3 {[%emt 0:00:00]} g6 {[%emt 0:00:00]} 4. Bg2 {[%emt 0:00:00]} Bg7 {[%emt 0:00:00]} 5. Nf3 {[%emt 0:00:12]} O-O {[%emt 0:00:00]} 6. O-O {[%emt 0:00:09]} c6 {[%emt 0:00:10]} 7. Nc3 {[%emt 0:00:16]} Nbd7 {[%emt 0:00:16]} 8. Qc2 {[%emt 0:00:26]} e5 {[%emt 0:00:58]} 9. Rd1 {[%emt 0:00:35]} Qe7 {[%emt 0:02:47]} 10. e4 {[%emt 0:01:10]} exd4 {[%emt 0:04:10]} 11. Nxd4 {[%emt 0:00:23]} Ne5 {[%emt 0:00:13]} 12. b3 {[%emt 0:02:27]} Bg4 {[%emt 0:03:47]} 13. f3 {[%emt 0:01:25]} c5 {[%emt 0:01:44]} 14. fxg4 {[%emt 0:22:17]} cxd4 {[%emt 0:00:08]} 15. Rxd4 {[%emt 0:00:23]} Nfxg4 {[%emt 0:01:13]} 16. Kh1 {[%emt 0:16:46]} Qf6 {[%emt 0:08:54]} 17. Rd5 {[%emt 0:19:16]} Nf3 {[%emt 0:37:00]} 18. e5 {[%emt 0:16:41]} Qf5 {[%emt 0:01:08]} 19. Qe2 {[%emt 0:01:35]} Nfxe5 {[%emt 0:01:43]} 20. Bb2 {[%emt 0:05:21]} Rae8 {[%emt 0:10:36]} 21. Ne4 {[%emt 0:02:50]} Qh5 {[%emt 0:02:50]} 22. Bf3 {[%emt 0:02:59]} Qh3 {[%emt 0:08:52]} 23. Qg2 {[%emt 0:02:54]} Qxh2+ {[%emt 0:02:13]} 24. Qxh2 {[%emt 0:00:12]} Nxh2 {[%emt 0:00:04]} 25. Bxe5 {[%emt 0:00:19]} Nxf3 {[%emt 0:00:19]} 26. Bxg7 {[%emt 0:00:11]} Rxe4 {[%emt 0:00:34]} 27. Kg2 {[%emt 0:02:18]} Kxg7 {[%emt 0:00:30]} 28. Kxf3 {[%emt 0:00:07]} Rfe8 {[%emt 0:00:53]} 29. Rxd6 {[%emt 0:01:50]} Re3+ {[%emt 0:00:07]} 30. Kg2 {[%emt 0:00:10]} Re2+ {[%emt 0:00:08]} 31. Kh3 {[%emt 0:00:19]} h5 {[%emt 0:03:08]} 32. Rd7 {[%emt 0:00:32]} R8e7 {[%emt 0:03:29]} 33. Rxe7 {[%emt 0:01:07]} Rxe7 {[%emt 0:00:03]} 34. Rd1 {[%emt 0:00:04]} b6 {[%emt 0:00:36]} 35. Rd2 {[%emt 0:00:30]} g5 {[%emt 0:01:28]} 36. Kg2 {[%emt 0:00:31]} f5 {[%emt 0:00:57]} 37. Kf3 {[%emt 0:00:31]} Kf6 {[%emt 0:00:06]} 38. Rd6+ {[%emt 0:00:44]} Re6 {[%emt 0:01:30]} 39. Rd7 {[%emt 0:00:07]} Re7 {[%emt 0:00:13]} 40. Rd6+ {[%emt 0:00:00]} Ke5 {[%emt 0:00:00]} 41. Rh6 {[%emt 0:00:41]} Rd7 {[%emt 0:01:50]} 42. Rxh5 {[%emt 0:00:42]} Rd3+ {[%emt 0:00:07]} 43. Kf2 {[%emt 0:01:15]} g4 {[%emt 0:01:03]} 44. Rh8 {[%emt 0:03:27]} Rd2+ {[%emt 0:08:17]} 45. Ke3 {[%emt 0:00:05]} Rxa2 {[%emt 0:00:26]} 46. Re8+ {[%emt 0:00:09]} Kd6 {[%emt 0:00:24]} 47. Rf8 {[%emt 0:00:45]} Ke7 {[%emt 0:00:36]} 48. Rxf5 {[%emt 0:00:35]} 1/2-1/2

[Event "RUS-ch Girls U21 2021"]
[Site "Loo"]
[Date "2021.04.24"]
[Round "4.10"]
[White "Emelyanova, Victoria"]
[Black "Gelman, Inna"]
[Result "0-1"]
[WhiteElo "1765"]
[BlackElo "1801"]
[Annotator "NA"]
[PlyCount "130"]
[EventDate "2021.04.21"]
[EventType "swiss"]
[EventCountry "RUS"]
[SourceTitle "playchess.com"]
[Source "ChessBase"]
[SourceQuality "1"]
[TimeControl "40/5400+30:1800+30"]

1. d4 {[%emt 0:00:00]} d5 {[%emt 0:00:00]} 2. c4 {[%emt 0:00:00]} e6 {[%emt 0:00:00]} 3. Nc3 {[%emt 0:00:00]} Nf6 {[%emt 0:00:00]} 4. e3 {[%emt 0:01:35]} c6 {[%emt 0:00:38]} 5. Nf3 {[%emt 0:00:14]} Nbd7 {[%emt 0:00:07]} 6. Bd3 {[%emt 0:00:14]} dxc4 {[%emt 0:00:17]} 7. Bxc4 {[%emt 0:00:04]} b5 {[%emt 0:00:49]} 8. Bd3 {[%emt 0:00:27]} Bb7 {[%emt 0:00:14]} 9. e4 {[%emt 0:03:13]} Be7 {[%emt 0:07:13]} 10. e5 {[%emt 0:04:18]} Nd5 {[%emt 0:00:08]} 11. O-O {[%emt 0:02:05]} a6 {[%emt 0:04:26]} 12. Nxd5 {[%emt 0:14:45]} cxd5 {[%emt 0:00:21]} 13. Bb1 {[%emt 0:04:49]} O-O {[%emt 0:02:48]} 14. Qd3 {[%emt 0:06:19]} g6 {[%emt 0:02:45]} 15. Bh6 {[%emt 0:10:24]} Re8 {[%emt 0:00:23]} 16. Ne1 {[%emt 0:14:34]} f6 {[%emt 0:06:39]} 17. Qg3 {[%emt 0:03:03]} f5 {[%emt 0:01:55]} 18. Nf3 {[%emt 0:02:42]} Bf8 {[%emt 0:00:30]} 19. Bxf8 {[%emt 0:02:56]} Nxf8 {[%emt 0:00:19]} 20. Bd3 {[%emt 0:04:08]} Qb6 {[%emt 0:05:41]} 21. h4 {[%emt 0:03:38]} h6 {[%emt 0:03:36]} 22. Qf4 {[%emt 0:10:40]} Kh7 {[%emt 0:01:49]} 23. g4 {[%emt 0:02:59]} Ra7 {[%emt 0:11:22]} 24. Kh2 {[%emt 0:02:25]} Bc8 {[%emt 0:00:38]} 25. Rg1 {[%emt 0:01:03]} Ree7 {[%emt 0:07:42]} 26. Rg2 {[%emt 0:02:07]} Rf7 {[%emt 0:00:47]} 27. Rag1 {[%emt 0:01:05]} Qd8 {[%emt 0:04:17]} 28. gxf5 {[%emt 0:01:46]} exf5 {[%emt 0:00:37]} 29. Qd2 {[%emt 0:02:02]} Rg7 {[%emt 0:00:55]} 30. Qe3 {[%emt 0:00:49]} Raf7 {[%emt 0:00:38]} 31. Qd2 {[%emt 0:00:34]} Qd7 {[%emt 0:00:51]} 32. Qc1 {[%emt 0:00:23]} f4 {[%emt 0:00:39]} 33. Rg4 {[%emt 0:00:33]} Kg8 {[%emt 0:12:05]} 34. Bf1 {[%emt 0:00:13]} Qf5 {[%emt 0:01:14]} 35. Qd1 {[%emt 0:00:48]} Qh5 {[%emt 0:02:03]} 36. R4g2 {[%emt 0:00:25]} Bf5 {[%emt 0:00:30]} 37. Be2 {[%emt 0:00:25]} g5 {[%emt 0:00:50]} 38. Kh1 {[%emt 0:00:16]} g4 {[%emt 0:00:34]} 39. Nh2 {[%emt 0:00:33]} f3 {[%emt 0:02:07]} 40. Nxf3 {[%emt 0:00:00]} gxf3 {[%emt 0:00:00]} 41. Bxf3 {[%emt 0:01:01]} Qxh4+ {[%emt 0:01:35]} 42. Rh2 {[%emt 0:00:29]} Qf4 {[%emt 0:01:32]} 43. Rxg7+ {[%emt 0:04:55]} Rxg7 {[%emt 0:00:41]} 44. Bxd5+ {[%emt 0:01:36]} Kh7 {[%emt 0:00:53]} 45. Rg2 {[%emt 0:11:59]} Be4 {[%emt 0:02:58]} 46. Bxe4+ {[%emt 0:00:22]} Qxe4 {[%emt 0:00:04]} 47. f3 {[%emt 0:00:30]} Qh4+ {[%emt 0:02:00]} 48. Kg1 {[%emt 0:01:20]} Rxg2+ {[%emt 0:01:04]} 49. Kxg2 {[%emt 0:00:04]} Ne6 {[%emt 0:00:43]} 50. Qc2+ {[%emt 0:03:09]} Kg7 {[%emt 0:00:09]} 51. Qc6 {[%emt 0:02:03]} Nxd4 {[%emt 0:24:04]} 52. Qd7+ {[%emt 0:01:34]} Kg6 {[%emt 0:00:29]} 53. e6 {[%emt 0:01:23]} Qg5+ {[%emt 0:00:50]} 54. Kf2 {[%emt 0:01:18]} Qd2+ {[%emt 0:00:37]} 55. Kg3 {[%emt 0:00:17]} Qe1+ {[%emt 0:00:23]} 56. Kg2 {[%emt 0:02:12]} Qe2+ {[%emt 0:00:20]} 57. Kh1 {[%emt 0:00:25]} Qxf3+ {[%emt 0:00:36]} 58. Kh2 {[%emt 0:00:04]} Qe2+ {[%emt 0:01:55]} 59. Kh1 {[%emt 0:00:08]} Nxe6 {[%emt 0:02:31]} 60. Qe8+ {[%emt 0:00:05]} Kg5 {[%emt 0:00:19]} 61. Qg8+ {[%emt 0:00:49]} Kh4 {[%emt 0:00:20]} 62. Qg6 {[%emt 0:01:02]} Qf1+ {[%emt 0:00:50]} 63. Kh2 {[%emt 0:00:04]} Qf2+ {[%emt 0:00:20]} 64. Kh1 {[%emt 0:00:02]} Qf3+ {[%emt 0:00:08]} 65. Kh2 {[%emt 0:00:08]} Qh3+ {[%emt 0:00:07]} 0-1

[Event "RUS-ch Girls U21 2021"]
[Site "Loo"]
[Date "2021.04.25"]
[Round "5.1"]
[White "Afonasieva, Anna"]
[Black "Goltseva, Ekaterina"]
[Result "1-0"]
[WhiteElo "2270"]
[BlackElo "2269"]
[Annotator "NA"]
[PlyCount "103"]
[EventDate "2021.04.21"]
[EventType "swiss"]
[EventCountry "RUS"]
[SourceTitle "playchess.com"]
[Source "ChessBase"]
[SourceQuality "1"]
[TimeControl "40/5400+30:1800+30"]

1. d4 {[%emt 0:00:00]} Nf6 {[%emt 0:00:00]} 2. Bf4 {[%emt 0:00:00]} c5 {[%emt 0:00:00]} 3. e3 {[%emt 0:00:00]} cxd4 {[%emt 0:00:00]} 4. exd4 {[%emt 0:00:06]} e6 {[%emt 0:00:00]} 5. c3 {[%emt 0:00:50]} b6 {[%emt 0:01:59]} 6. Nf3 {[%emt 0:01:12]} Bb7 {[%emt 0:00:13]} 7. Bd3 {[%emt 0:01:01]} Be7 {[%emt 0:00:15]} 8. Nbd2 {[%emt 0:00:13]} d6 {[%emt 0:02:21]} 9. O-O {[%emt 0:01:09]} O-O {[%emt 0:00:41]} 10. Qe2 {[%emt 0:01:02]} a6 {[%emt 0:01:24]} 11. a4 {[%emt 0:01:40]} Nbd7 {[%emt 0:00:55]} 12. Rfe1 {[%emt 0:02:22]} Re8 {[%emt 0:01:43]} 13. h3 {[%emt 0:02:49]} Qc7 {[%emt 0:02:32]} 14. Bh2 {[%emt 0:01:14]} Bf8 {[%emt 0:01:42]} 15. Ne4 {[%emt 0:09:15]} Nxe4 {[%emt 0:03:16]} 16. Bxe4 {[%emt 0:00:18]} Bxe4 {[%emt 0:00:57]} 17. Qxe4 {[%emt 0:00:05]} Nf6 {[%emt 0:00:22]} 18. Qd3 {[%emt 0:00:47]} Qb7 {[%emt 0:03:07]} 19. c4 {[%emt 0:01:51]} a5 {[%emt 0:19:42]} 20. b3 {[%emt 0:04:48]} Rac8 {[%emt 0:21:41]} 21. Rac1 {[%emt 0:04:28]} Red8 {[%emt 0:02:51]} 22. g4 {[%emt 0:05:51]} e5 {[%emt 0:09:51]} 23. dxe5 {[%emt 0:07:33]} dxe5 {[%emt 0:00:19]} 24. Qf5 {[%emt 0:00:49]} g6 {[%emt 0:08:03]} 25. Qxf6 {[%emt 0:05:15]} Bg7 {[%emt 0:01:03]} 26. Qh4 {[%emt 0:03:42]} Qxf3 {[%emt 0:00:10]} 27. Re3 {[%emt 0:01:54]} Rd1+ {[%emt 0:03:25]} 28. Rxd1 {[%emt 0:00:05]} Qxd1+ {[%emt 0:00:03]} 29. Kg2 {[%emt 0:00:04]} Re8 {[%emt 0:08:24]} 30. g5 {[%emt 0:01:53]} Qd8 31. Bg3 {[%emt 0:02:57]} Qe7 {[%emt 0:10:21]} 32. Qe4 $11 {[%emt 0:05:37]} Qxg5 {[%emt 0:02:04]} 33. f4 {[%emt 0:04:43]} Qd8 {[%emt 0:03:14]} 34. fxe5 {[%emt 0:00:10]} Qd2+ {[%emt 0:00:50]} 35. Re2 {[%emt 0:00:58]} Qd1 {[%emt 0:00:16]} 36. Rf2 {[%emt 0:05:00]} Qd7 {[%emt 0:01:36]} 37. Re2 {[%emt 0:04:43]} Qe6 {[%emt 0:02:27]} 38. Qd5 {[%emt 0:01:52]} f6 {[%emt 0:04:31]} 39. Bf2 {[%emt 0:05:36]} Kf8 {[%emt 0:03:28]} 40. Qb7 {[%emt 0:00:00]} fxe5 {[%emt 0:00:00]} 41. Qxb6 {[%emt 0:05:09]} Qf5 {[%emt 0:13:58]} 42. Qc6 {[%emt 0:04:41]} Bh6 {[%emt 0:08:07]} 43. Bg3 {[%emt 0:06:43]} Re6 {[%emt 0:06:00]} 44. Qc8+ {[%emt 0:02:12]} Kg7 {[%emt 0:01:05]} 45. Qd7+ {[%emt 0:02:47]} Kg8 {[%emt 0:01:07]} 46. c5 {[%emt 0:01:40]} Qf6 {[%emt 0:01:49]} 47. Qd5 {[%emt 0:04:38]} Qf7 {[%emt 0:03:40]} 48. c6 {[%emt 0:02:20]} Re8 {[%emt 0:01:12]} 49. Rxe5 {[%emt 0:03:52]} Qxd5+ {[%emt 0:00:38]} 50. Rxd5 {[%emt 0:00:03]} Re2+ {[%emt 0:00:11]} 51. Kf1 {[%emt 0:00:45]} Rc2 {[%emt 0:00:15]} 52. c7 {[%emt 0:00:03]} 1-0

[Event "RUS-ch Girls U21 2021"]
[Site "Loo"]
[Date "2021.04.25"]
[Round "5.2"]
[White "Nasyrova, Ekaterina"]
[Black "Shafigullina, Zarina"]
[Result "1-0"]
[WhiteElo "2273"]
[BlackElo "2293"]
[Annotator "TA"]
[PlyCount "73"]
[EventDate "2021.04.21"]
[EventType "swiss"]
[EventCountry "RUS"]
[SourceTitle "playchess.com"]
[Source "ChessBase"]
[SourceQuality "1"]

{[%evp 17,73,-12,20,0,31,37,27,36,53,-6,157,143,157,117,168,139,171,173,158,136,170,178,457,448,452,452,456,448,451,454,450,448,512,505,485,354,353,356,339,267,326,339,344,327,339,346,429,304,453,492,458,470,520,487,2234,2038,1939,1974]} 1. d4 Nf6 2. c4 e6 3. Nc3 Bb4 4. e3 O-O 5. Bd2 d5 6. Nf3 b6 7. cxd5 exd5 8. Bd3 Bb7 9. O-O a6 10. Ne5 {E52: Nimzo-Indian: Rubinstein: 4...0-0 5 Nf3 d5 6 Bd3 b6.} Bd6 11. f4 c5 12. Be1 {White has an edge.} Ne4 {[#]} 13. Rf3 $146 (13. Qg4 $14) ({Predecessor:} 13. Qc2 f5 14. dxc5 Bxc5 15. Rf3 Nd7 16. Nxd7 Qxd7 17. b4 Be7 18. Rd1 Qe6 19. Qb3 {½-½ (33) Zegarac,V (2386)-Perunovic,M (2428) Paracin 2021}) 13... c4 $2 {[#]} (13... cxd4 $11 14. exd4 Nc6) 14. Bxe4 $16 dxe4 15. Rh3 Bc8 (15... Nd7 $16 {is a better defense.}) 16. Bh4 (16. Nxe4 Bxh3 17. gxh3 (17. Nxc4 Bxf4 18. exf4 Be6 $15) 17... b5 $11) 16... Be7 17. Bxe7 Qxe7 18. Rg3 ({Wrong is} 18. Nxe4 $2 Bxh3 19. gxh3 f6 $19) 18... b5 19. Qh5 ({Stronger than} 19. Nxe4 f6 $17) 19... Qb7 $2 (19... f6) 20. f5 $18 {[#] Threatening mate with f6.} f6 21. Ng4 ({Weaker is} 21. Rh3 g5 $18) 21... Ra7 {and the idea ...b4 leaves Black hopeful.} 22. Rh3 g6 23. fxg6 {Black must now prevent Nh6+.} Bxg4 24. Qxg4 f5 25. Qg5 Qe7 26. Qh6 Qg7 27. gxh7+ Kh8 28. Qh4 Qe7 29. Qf4 Qc7 {Black hopes to continue with ...Qxf4.} 30. Qf2 Qc6 31. Rf1 Rg7 32. d5 Qe8 (32... Qd6 $142 33. Rh5 Qg6) 33. Ne2 {[%cal Bc3e2,Be2f4,Bf4h5][%mdl 32] White is clearly winning.} Nd7 34. Nf4 Nc5 35. Qd2 Rf6 (35... Qe5 $142 36. Rh6 Nd3) 36. Qd4 Nd7 37. Nh5 {[%mdl 64] Double Attack.  Weighted Error Value: White=0.18/Black=0.41} 1-0

[Event "RUS-ch Girls U21 2021"]
[Site "Loo"]
[Date "2021.04.25"]
[Round "5.4"]
[White "Sakorenko, Adriana"]
[Black "Pankova, Julia"]
[Result "1-0"]
[WhiteElo "2216"]
[BlackElo "1884"]
[Annotator "TA"]
[PlyCount "85"]
[EventDate "2021.04.21"]
[EventType "swiss"]
[EventCountry "RUS"]
[SourceTitle "playchess.com"]
[Source "ChessBase"]
[SourceQuality "1"]

{[%evp 13,85,22,36,25,35,8,10,-9,0,0,0,-25,-10,-29,-14,-45,-15,-18,0,-35,-34,-34,-25,-29,-20,-26,0,-31,-26,-22,23,26,36,29,79,80,85,50,33,59,87,95,98,79,82,85,200,196,168,168,191,205,214,197,206,183,514,526,541,539,483,487,529,534,543,494,650,677,726,724,750,728,730,740]} 1. e4 c5 2. Nf3 d6 3. Bb5+ Bd7 4. Bxd7+ Qxd7 5. O-O Nf6 6. Qe2 Nc6 7. c3 e5 8. Rd1 {B52: Sicilian: Moscow Variation with 3...Bd7.} Rc8 9. Na3 Be7 {[#]} 10. h3 $146 {The position is equal.} ({Predecessor:} 10. d4 cxd4 11. cxd4 Qg4 12. d5 Nd8 13. Re1 a6 14. Nc4 Nxd5 15. Ncxe5 dxe5 16. exd5 f6 17. Bd2 O-O 18. Rac1 {½-½ (18) Brockmann,F-Landau,C Germany 1996}) 10... d5 11. d3 O-O 12. Bg5 Rfe8 13. Rd2 h6 14. Bh4 (14. Bxf6 $5 Bxf6 15. exd5 Qxd5 16. Nc2 $11) 14... Nh7 15. Bg3 Bf6 16. Nc2 d4 17. a4 Nf8 18. Na3 Na5 {Strongly threatening ...Nb3.} 19. Rdd1 Nb3 ({Not} 19... Qxa4 $2 20. Nc4 $18) 20. Ra2 (20. Rab1 $5 {[%cal Ra3c4]}) 20... Qxa4 21. Qc2 {Black must now prevent Nd2.} b5 22. Qb1 {[#] Hoping for Nc2.} Qa6 23. c4 $1 {[%cal Rc4b5]} Qb6 24. cxb5 {Threatens to win with Nc4.} Na5 25. Nc4 Nxc4 26. dxc4 Rc7 {Black is now going downhill.} 27. Ra6 $36 {[%mdl 2048] White is on the roll.} Qb7 28. Qd3 Nd7 29. Rda1 Qb8 (29... Ra8 $16) 30. Qa3 $18 Nb6 31. b3 Ree7 32. Ne1 Qb7 {[#]} 33. f3 Kh7 34. Nd3 Nd7 $2 (34... Qc8 35. Qb2 Qe6) 35. Rxa7 {White is clearly winning.} Qb6 36. Rxc7 Qxc7 37. Qa7 Qc8 38. Qa8 Qc7 39. Ra7 Qd6 40. Qc6 Qxc6 41. bxc6 Nb6 42. Rb7 Nc8 43. Nxc5 {Weighted Error Value: White=0.06/Black=0.38} 1-0

[Event "RUS-ch Girls U21 2021"]
[Site "Loo"]
[Date "2021.04.25"]
[Round "5.5"]
[White "Shvedova, Alexandra"]
[Black "Filippova, Darya"]
[Result "1-0"]
[WhiteElo "2000"]
[BlackElo "1915"]
[Annotator "TA"]
[PlyCount "63"]
[EventDate "2021.04.21"]
[EventType "swiss"]
[EventCountry "RUS"]
[SourceTitle "playchess.com"]
[Source "ChessBase"]
[SourceQuality "1"]

{[%evp 9,63,25,28,8,20,14,16,12,10,5,18,9,39,0,18,18,56,66,89,110,78,76,207,119,281,291,275,268,364,392,570,578,557,562,567,533,960,935,798,670,630,352,2372,566,189,559,497,487,410,415,893,882,29985,29984,29984,2627]} 1. e4 c6 2. d4 d5 3. e5 Bf5 4. h4 h6 5. g4 Bd7 6. Nc3 {B12: Caro-Kann: Advance Variation.} e6 7. Nf3 c5 8. Be3 {The position is equal.} cxd4 9. Nxd4 Nc6 10. f4 h5 11. gxh5 Nh6 {[#]} 12. Qd2 $146 ({Predecessor:} 12. Rh3 Be7 13. Bd3 Bxh4+ {1-0 (13) Clarke,B (2400)-Izzat,K (2495) Auckland 2019}) 12... Bb4 13. a3 Be7 14. O-O-O Nxd4 15. Bxd4 a6 (15... Nf5 $16) 16. Rg1 ({White should play} 16. Bh3 $18) 16... b5 $2 (16... Nf5 $16 {might work better.}) 17. Bd3 $18 ({Much less strong is} 17. Rxg7 $6 Nf5 $18) 17... Bf8 18. Qe3 Qe7 19. f5 b4 {[#]} (19... O-O-O $142 20. a4 Bc6 21. fxe6 fxe6) 20. f6 $1 gxf6 21. exf6 Qd6 22. axb4 {[%mdl 64] Overworked Piece} Qxb4 23. Nxd5 Qa5 {[#]} 24. Bb6 $1 Qxd5 25. Be4 {[%mdl 64] Pin} Qa2 {[#]} (25... Nf5 26. Bxd5 Nxe3 27. Bxa8 Bh6) 26. Bxa8 (26. Rxd7 $142 $1 {[%mdl 512] White threatens Re7+! and mate.} Qa1+ 27. Kd2 Bb4+ 28. Ke2) 26... Qa1+ 27. Kd2 {Threatening mate with Qe5!} Qxb2 28. Ba5 {aiming for Rb1.} Nf5 29. Qc3 ({Not} 29. Qb6 Bh6+ 30. Ke2 (30. Ke1 Qe5+ 31. Kf1 Bb5+ 32. Rd3 Bxd3+ 33. cxd3 Qf4+ 34. Ke1 Qxh4+ 35. Kf1 Qf4+ 36. Ke1 Qh4+ 37. Kf1 Qf4+ 38. Ke1 Qh4+ $11) 30... Bb5+ 31. Kf3 Nxh4+ 32. Kg3 O-O $18) 29... Qb8 (29... Bh6+ $142 30. Ke1 Qxc3+ 31. Bxc3 Bf4) 30. Bc6 Qf4+ 31. Ke2 {[%csl Gd1][%cal Rc6d7]} Qh2+ 32. Rg2 {Weighted Error Value: White=0.50/Black=0.66} (32. Kf1 $142 Qf4+ 33. Ke2 Qh2+ 34. Rg2 Qxg2+ 35. Bxg2 Bd6 {[#]} 36. Rxd6 $1 {[%mdl 512]} Bb5+ 37. Kf2) 1-0

[Event "RUS-ch Girls U21 2021"]
[Site "Loo"]
[Date "2021.04.25"]
[Round "5.6"]
[White "Kochukova, Anna"]
[Black "Grigorieva, Yulia"]
[Result "0-1"]
[WhiteElo "2108"]
[BlackElo "2236"]
[Annotator "TA"]
[PlyCount "58"]
[EventDate "2021.04.21"]
[EventType "swiss"]
[EventCountry "RUS"]
[SourceTitle "playchess.com"]
[Source "ChessBase"]
[SourceQuality "1"]

{[%evp 15,58,21,12,27,43,9,11,0,30,-30,-12,-31,-14,-17,-18,-14,-12,-12,-11,-20,-15,-24,0,0,0,-8,0,0,0,-298,-305,-247,-263,-812,-798,-801,-792,-662,-662,-29992,-29993,-29996,-29997,-29997,-29998]} 1. e4 e5 2. Nf3 Nc6 3. Bc4 Nf6 4. d3 Bc5 5. c3 O-O 6. O-O d5 7. exd5 Nxd5 8. Re1 Bg4 9. Nbd2 {C54: Giuoco Piano: 4 c3 Nf6, main lines with 5 d4 and 5 d3.} Nb6 10. Bb5 Bd6 11. a4 {The position is equal.} a5 12. Bxc6 (12. h3 $142 Bf5 13. Ne4) 12... bxc6 $11 13. h3 Bh5 14. Ne4 f5 15. Ng3 Bxf3 16. Qxf3 Qd7 {[#]} 17. Nf1 $146 ({Predecessor:} 17. c4 Rae8 18. b3 Bc5 19. Ra2 Bb4 20. Rf1 Rd8 21. Bg5 f4 22. Bxd8 fxg3 23. Qxg3 Qxd8 24. Qxe5 Qxd3 {½-½ (80) Nepomniachtchi,I (2767)-Aronian,L (2785) Doha 2016}) 17... Rae8 18. Qd1 Rf6 19. Nd2 e4 20. Qb3+ Kh8 21. dxe4 fxe4 22. Rxe4 $2 {[%mdl 8192] [#]} (22. Nxe4 $11 {and White has nothing to worry.} Qf5 23. f3) 22... Bc5 $1 $19 23. Rxe8+ Qxe8 24. Qd1 $2 (24. Nf3 Rxf3 25. Be3) 24... Rxf2 25. Kh1 Qg6 {[%csl Gf2][%cal Rg6g2]} 26. Qg4 Qd3 {( -> ...Rf1+!)} 27. b4 {[#]} Rf1+ $1 {[%mdl 512] Black mates.} 28. Nxf1 (28. Kh2 Bd6+) 28... Qxf1+ 29. Kh2 Bg1+ {Weighted Error Value: White=0.85/Black=0.04} 0-1

[Event "RUS-ch Girls U21 2021"]
[Site "Loo"]
[Date "2021.04.25"]
[Round "5.7"]
[White "Zotova, Anastasia"]
[Black "Koroleva, Evgeniya"]
[Result "1/2-1/2"]
[WhiteElo "2160"]
[BlackElo "1884"]
[Annotator "TA"]
[PlyCount "82"]
[EventDate "2021.04.21"]
[EventType "swiss"]
[EventCountry "RUS"]
[SourceTitle "playchess.com"]
[Source "ChessBase"]
[SourceQuality "1"]

{[%evp 16,82,-16,-9,-10,-37,0,-39,-3,-7,-9,-4,-4,-13,26,-31,-21,-31,-10,-49,0,0,-2,-17,0,0,0,-14,0,0,0,0,0,13,39,8,118,117,124,122,115,94,104,105,110,99,95,100,84,86,104,100,100,98,98,71,69,38,97,14,22,0,0,0,0,0,0,0,0]} 1. e4 c5 2. Nf3 e6 3. d4 cxd4 4. Nxd4 Nf6 5. Nc3 Nc6 6. Nxc6 bxc6 7. Bd3 d5 8. exd5 cxd5 9. O-O Bd6 {B40: Sicilian: 2...e6, Unusual lines.} 10. Bg5 h6 {[#]} 11. Bb5+ $146 (11. Bxf6 $5 gxf6 12. Nb5 $11) ({Predecessor:} 11. Bh4 O-O 12. Qe2 Bd7 13. Rad1 Rb8 14. b3 Qc7 15. Bxf6 Bxh2+ 16. Kh1 gxf6 17. Qh5 Bf4 18. Ne2 Qe5 19. Qg4+ {1-0 (19) Saldana,I (1835)-Moreno,M (1554) Asuncion 2009}) 11... Bd7 {Black is slightly better.} (11... Ke7 {is interesting.} 12. Bxf6+ gxf6 13. Re1 Be5 14. Rb1 Bb7) 12. Bxf6 gxf6 13. Bxd7+ Qxd7 14. Re1 Rd8 15. Qf3 (15. Nxd5 $11 Bxh2+ 16. Kxh2 Qxd5 17. Qxd5 Rxd5 18. Red1) 15... Be5 $15 16. Rad1 {aiming for Nxd5!} Kf8 17. h3 Rg8 18. Ne2 Qc7 19. c3 Rg6 20. Qe3 Bd6 21. Nd4 Be5 22. Qd3 Kg7 23. f4 Bxd4+ 24. Qxd4 Kh7 25. Rd2 (25. f5 $5 exf5 26. Rd2 $16) 25... Rdg8 {[#]} (25... f5 $11 {remains equal.}) 26. f5 $1 $16 {[%cal Rf5g6]} exf5 27. Qxd5 Rg5 28. Rf1 Qg3 {...Qxh3 would now be nice for Black.} 29. Qf3 ({Much weaker is} 29. Qxf7+ $6 R8g7 $11) 29... Qc7 30. h4 Qb6+ 31. Kh1 Rg4 32. Qxf5+ {[%mdl 64] [#] Double Attack} R8g6 33. Rf4 Rxf4 34. Qxf4 {[%mdl 4096] Endgame KQR-KQR} Qe6 35. Rf2 Kg7 36. Qf5 Qd6 ({Black should try} 36... Rg4 $14) 37. c4 (37. Kg1 $16) 37... h5 $1 $11 {The position is equal.} 38. b3 Rg4 $1 39. Qxh5 Qd1+ 40. Kh2 {Black must now prevent g3.} Qd6+ 41. Kh1 Qd1+ {Weighted Error Value: White=0.16/Black=0.15} 1/2-1/2

[Event "RUS-ch Girls U21 2021"]
[Site "Loo"]
[Date "2021.04.25"]
[Round "5.8"]
[White "Serditykh, Olesya"]
[Black "Bogdanova, Darya"]
[Result "1-0"]
[WhiteElo "1961"]
[BlackElo "1762"]
[Annotator "ChessBase"]
[PlyCount "61"]
[EventDate "2021.04.21"]
[EventType "swiss"]
[EventCountry "RUS"]
[SourceTitle "playchess.com"]
[Source "ChessBase"]
[SourceQuality "1"]
[TimeControl "40/5400+30:1800+30"]

1. d4 {[%emt 0:00:00]} d5 {[%emt 0:00:00]} 2. Nf3 {[%emt 0:00:00]} Nf6 {[%emt 0:00:00]} 3. e3 {[%emt 0:01:09]} c6 {[%emt 0:00:01]} 4. Bd3 {[%emt 0:01:19]} e6 {[%emt 0:00:28]} 5. Nbd2 {[%emt 0:02:06]} Nbd7 {[%emt 0:06:10]} 6. b3 {[%emt 0:00:45]} Bd6 {[%emt 0:01:54]} 7. Bb2 {[%emt 0:00:36]} c5 {[%emt 0:02:15]} 8. Ne5 {[%emt 0:05:58]} Qa5 {[%emt 0:09:45]} 9. O-O {[%emt 0:04:25]} b5 {[%emt 0:01:46]} 10. c4 {[%emt 0:08:22]} a6 {[%emt 0:12:39]} 11. cxd5 {[%emt 0:10:54]} exd5 {[%emt 0:30:39]} 12. Nxd7 {[%emt 0:01:31]} Bxd7 {[%emt 0:00:05]} 13. dxc5 {[%emt 0:00:45]} Bxc5 {[%emt 0:00:12]} 14. Nf3 {[%emt 0:01:20]} Qb6 {[%emt 0:06:55]} 15. Rc1 {[%emt 0:04:34]} Rc8 {[%emt 0:00:42]} 16. Bb1 {[%emt 0:03:31]} Qd6 {[%emt 0:04:12]} 17. Qd3 {[%emt 0:03:40]} Ba3 {[%emt 0:04:20]} 18. Rxc8+ {[%emt 0:10:23]} Bxc8 {[%emt 0:00:01]} 19. Bd4 {[%emt 0:00:18]} Be6 {[%emt 0:02:00]} 20. h3 {[%emt 0:05:07]} Qd7 {[%emt 0:07:37]} 21. Rd1 {[%emt 0:07:52]} Ke7 {[%emt 0:01:42]} 22. Qe2 {[%emt 0:04:33]} Re8 {[%emt 0:01:40]} 23. Ne5 {[%emt 0:00:49]} Qc7 {[%emt 0:00:44]} 24. Nd3 {[%emt 0:02:08]} Ne4 {[%emt 0:01:12]} 25. Qe1 {[%emt 0:01:51]} f6 {[%emt 0:00:41]} 26. f3 {[%emt 0:02:20]} Ng5 {[%emt 0:00:40]} 27. Nf4 {[%emt 0:01:56]} Kf7 {[%emt 0:01:22]} 28. h4 {[%emt 0:00:56]} Bd6 {[%emt 0:01:14]} 29. hxg5 {[%emt 0:00:21]} Bxf4 {[%emt 0:00:05]} 30. exf4 {[%emt 0:00:11]} Qxf4 {[%emt 0:01:11]} 31. Qd2 {[%emt 0:00:17]} 1-0